Random Geography - Statistics

General Stats
  • This quiz has been taken 52 times
  • The average score is 13 of 15
Answer Stats
Hint Answer % Correct
What is the biggest country in the world? Russia
100%
What is the most populated country? China
98%
What is the tallest mountain? Mount Everest
98%
What is the capital of Japan? Tokyo
98%
What country is the capital Abu Dhabi in? United Arab Emirates
98%
Second most populated? India
96%
Biggest ocean in the world? Pacific Ocean
96%
What country is the Suez Canal in? Egypt
94%
What is the longest river in the world? Nile River
94%
Biggest country in Africa? Algeria
88%
Third most populated? United States of America
83%
What country is the Christ of Redeemer in? Brazil
81%
Tallest building in the world? Burj Khalifa
65%
What is the biggest desert? No it isn't Sahara! Antarctica
63%
What is the capital of Manitoba? Winnipeg
42%
No matching quizzes found
Score Distribution
Percent of People with Each Score
Percentile by Number Answered
Your Score History
You have not taken this quiz